000 00483 a2200169 4500
003 OSt
005 20240905122134.0
008 231017b |||||||| |||| 00| 0 eng d
020 _a9953753946
040 _coclc
082 _a823.7
_bAUS/S
100 _aAusten, Jane
_95436
245 _aSENSE AND SENSIBILITY
_bEnglish - Arabic
_cJane Austen
260 _aBeirut:
_bDar al-Bihar,
_c2014.
300 _a272p, ;
942 _2ddc
_cBK
_h823.7
_iAUS/S
_k823.7
_mAUS/S
999 _c42735
_d42735